Rheology and non-Newtonian fluids / (Record no. 597703)

000 -LEADER
fixed length control field 00284nam a2200109Ia 4500
008 - FIXED-LENGTH DATA ELEMENTS--GENERAL INFORMATION
fixed length control field 230907s9999||||xx |||||||||||||| ||und||
082 ## - DEWEY DECIMAL CLASSIFICATION NUMBER
Classification number 531.1134,IRG
100 ## - MAIN ENTRY--PERSONAL NAME
Personal name Irgens, Fridtjov,
9 (RLIN) 115140
245 #0 - TITLE STATEMENT
Title Rheology and non-Newtonian fluids /
300 ## - PHYSICAL DESCRIPTION
Extent ix, 190 pages :
942 ## - ADDED ENTRY ELEMENTS (KOHA)
Koha item type Book
Holdings
Withdrawn status Lost status Damaged status Not for loan Permanent Location Current Location Date acquired Total Checkouts Full call number Barcode Date last seen Price effective from Koha item type
        US-Pakistan Center for Advanced Studies in Energy (USPCAS-E) US-Pakistan Center for Advanced Studies in Energy (USPCAS-E) 04/03/2018   531.1134,IRG CAS-E0001802 09/12/2023 09/12/2023 Book
© 2023 Central Library, National University of Sciences and Technology. All Rights Reserved.